| 000 | 00545nam a2200181Ia 4500 | ||
|---|---|---|---|
| 008 | 090124s9999 xx 000 0 und d | ||
| 082 | _b37975 | ||
| 100 | _aखांडेकर संजीव | ||
| 245 | _a अशांत पर्व | ||
| 250 | _a1 | ||
| 260 |
_bदिनकर गांगल _c1992 |
||
| 300 | _a159 | ||
| 600 | _aखांडेकर संजीव | ||
| 630 | _a अशांत पर्व | ||
| 700 | _aखांडेकर संजीव | ||
| 730 | _a अशांत पर्व | ||
| 942 | _cBOOK | ||
| 999 |
_c104011 _d104011 |
||